000 00744nam a2200205 i 4500
001 15407
003 ES-MaACL
005 20250902035901.0
007 t|
008 000302s1998 sp ||||1| spa d
080 _a338.45.01(460)(063)
111 2 _aJornadas de Economía Industrial (
_n14º.
_d1998.
_cMadrid)
_9790
245 1 0 _aXIV jornadas de economía industrial
_b: patrocinadas por la Fundación Empresa Pública: Madrid 24 y 25 de septiembre de 1998.
260 _aMadrid :
_bFundación Empresa Pública,
_c[1998]
300 _a143 p. ;
_c23 cm.
650 1 4 _aEconomía industrial-
_zEspaña-
_vCongresos.
_912026
710 2 _aFundación Empresa Pública
_94285
852 _aES-MaACL
_jL-22495
_bR.127734
999 _c15407
_d15407